000 00709cab a2200241 4500
001 WB3448-03
008 090401t1998 xxu||||| |||| 00| 0 eng d
035 _a(Sirsi) u90341
041 _aeng
245 _aJob losses expected
260 _c1998
350 _a0
490 _aFinancial Times
_v15 December 1998, 15(1)
520 _aConstruction industry bodies predict that construction growth will slow down during 1999, threatening up to 1.5% of the industry`s jobs.
650 _aCONSTRUCTION INDUSTRY
650 _aCONSTRUCTION OUTPUT
650 _aCONSTRUCTION WORKERS
650 _aFORECASTS
650 _aJOB LOSSES
690 _aBUILT ENVIRONMENT
942 _n0
948 _c16/12/1998
999 _c57271
_d57271